Logo BPK

Biblioteka

Politechniki Koszalińskiej

Prawo papierów wartościowych / (Rekord nr 51826)

Szczegóły MARC
000 -ETYKIETA REKORDU
podpole kontrolne o stałej długości 00907nam a2200265 i 4500
001 - NUMER KONTROLNY REKORDU
pole kontrolne bg
015 ## - NUMER BIBLIOGRAFII NARODOWEJ
Numer bibliografii narodowej PB 19735/2005
020 ## - MIĘDZYNARODOWY ZNORMALIZOWANY NUMER KSIĄŻKI - ISBN
ISBN 8373876383
040 ## - ŹRÓDŁO KATALOGOWANIA
Instytucja, która utworzyła rekord BPK
041 0# - KOD JĘZYKA
Kod języka tekstu pol
080 ## - UNIWERSALNA KLASYFIKACJA DZIESIĘTNA - UKD
UKD 347.731(438)
920 ## - Międzynarodowy znormalizowany numer książki – ISBN
ISBN 83-7387-638-3
008 - POLE O STAŁEJ DŁUGOŚCI - DANE KONTROLNE
podpole kontrolne o stałej długości s pl f |000 0 pol
245 00 - TYTUŁ/ODPOWIEDZIALNOŚĆ
Tytuł Prawo papierów wartościowych /
Pozostałe elementy strefy tytułu i oznaczenia odpowiedzialności red. Andrzej Szumański ; aut. Aleksander Chłopecki [et al.].
260 ## - STREFA ADRESU WYDAWNICZEGO
Miejsce wydania Warszawa :
Nazwa wydawcy/dystrybutora C. H. Beck :
-- Instytut Nauk Prawnych PAN,
Data publikacji, dystrybucji/powstania dokumentu 2005.
300 ## - STREFA OPISU FIZYCZNEGO
Objętość XXII, 1147 s. ;
Rozmiary 25 cm.
490 1# - STREFA SERII I DOKUMENTU WIELOCZĘŚCIOWEGO - FORMA NIE DO WYSZUKIWANIA
Tytuł i oznaczenie odpowiedzialności serii System Prawa Prywatnego ;
Numeracja w obrębie serii t. 19
500 ## - UWAGI OGÓLNE
Tekst uwagi Publikacja uwzględnia stan prawny na dzień 15 kwietnia 2006 r.
504 ## - UWAGA DOTYCZĄCA BIBLIOGRAFII
Informacje o bibliografii Bibliogr. przy rozdz. Indeks.
650 #9 - HASŁO PRZEDMIOTOWE W FORMIE NAZWY OGÓLNEJ LUB JEDNOSTKOWEJ
Nazwa ogólna lub geograficzna Papiery wartościowe
Określnik ogólny prawo
Określnik geograficzny Polska
Określnik chronologiczny stan na 2006 r.
700 1# - HASŁO DODATKOWE - NAZWA OSOBOWA
Nazwa osobowa SZUMAŃSKI, Andrzej
Daty związane z nazwą (1957- ).
Określenie związku między hasłem a opisywanym materiałem Red.
700 1# - HASŁO DODATKOWE - NAZWA OSOBOWA
Nazwa osobowa CHŁOPECKI, Aleksander
830 ## - HASŁO DODATKOWE SERII LUB DOKUMENTU WIELOCZĘŚCIOWEGO - TYTUŁ UJEDNOLICONY
Tytuł ujednolicony System Prawa Prywatnego ;
856 ## - LOKALIZACJA I DOSTĘP DO ELEKTRONICZNYCH DOKUMENTÓW ZDALNYCH
Link (URL) http://koha.tu.koszalin.pl/cgi-bin/koha/opac-detail.pl?biblionumber=51826
Tekst linku Katalog online BPK
942 ## - DODATKOWE ELEMENTY (KOHA)
Typ dokumentu Książka
Egzemplarze
Wycofany Status egzemplarza Uszkodzony Dostępność Lokalizacja stała Lokalizacja bieżąca Miejsce przechowywania Sygnatura Kod kreskowy Typ dokumentu
      Dostępny Biblioteka Politechniki Koszalińskiej Biblioteka Politechniki Koszalińskiej Wypożyczalnia BG 79191 02315003 Książka
© 2023 Biblioteka Politechniki Koszalińskiej :: KOHA